00916nam a2200217 a 450000100100000000500170001000800410002704000250006808200170009310000530011024501240016326000590028730000170034649000280036350400730039150500290046470000380049383000350053195201150056699900170068100003996120201002033832.0130731s1927 sp 000 0 spa d aDO-SdBNPbspacBNPHU axxxbC568ó1 aCicerón, Marco Tulio,d106 a.C.-43 a.C.94375010aObras completas de Marco Tulio Cicerón /cMarco Tulio Ciceroón ; versión castellana de Francisco Navarro y Calvo. aMadrid :bLibrería y Casa Editorial Hernando,c1927. av. ;c18 cm.1 aBiblioteca clásicav9 aIncluye referencias bibliográficas y notas al pie de las páginas0 gt. 9gCartas políticas12aNavarro y Calvo, Francisco941477 0aBiblioteca clásican9966177 001050718RVaPDbPDcCTd2013-07-31iLF1l0oxxx C568óp39961-10r2020-06-25w2020-06-25y1ZNo se presta c39451d39451